[Event "Bundesliga 2324"]
[Site "Germany"]
[Date "2024.01.13"]
[Round "5.8"]
[White "Krastev, Alexander"]
[Black "Lutz, Ruben"]
[Result "1-0"]
[WhiteElo "2470"]
[BlackElo "2250"]
[PlyCount "127"]
[EventDate "2023.10.21"]
[EventType "team-tourn"]
[EventRounds "15"]
[EventCountry "GER"]
[SourceTitle "CB03_2024"]
[SourceDate "2024.01.17"]
[SourceVersion "1"]
[SourceVersionDate "2024.01.17"]
[SourceQuality "1"]
[WhiteTeam "Solingen"]
[BlackTeam "Dresden TU"]
[WhiteTeamCountry "GER"]
[BlackTeamCountry "GER"]

1. e4 e6 2. d3 d5 3. Qe2 Nf6 4. Nf3 Be7 5. g3 b6 6. e5 Nfd7 7. Bg2 Bb7 8. 0-0 c5 9. c4 d4 10. b4 cxb4 11. Nxd4 Bxg2 12. Kxg2 0-0 13. Bb2 a5 14. Nd2 Nc5 15. N2f3 b5 16. cxb5 Qd5 17. a3 Na4 18. axb4 axb4 19. Qc2 Nxb2 20. Rxa8 Qxa8 21. Qxb2 Rd8 22. Rc1 Bf8 23. Rc4 Qd5 24. Qc2 g6 25. Nc6 Nxc6 26. bxc6 Rc8 27. c7 Qb7 28. h4 h5 29. Qc1 b3 30. Qb1 b2 31. Rc3 Kg7 32. d4 Rxc7 33. Rxc7 Qxc7 34. Qxb2 Qc6 35. Qd2 Qd5 36. Qf4 Be7 37. g4 hxg4 38. Qxg4 Qb3 39. h5 Qd3 40. hxg6 Qxg6 41. Kg3 Qxg4+ 42. Kxg4 Bb4 43. Kf4 Kg6 44. Nh4+ Kh5 45. Ng2 Bd2+ 46. Ke4 Kg5 47. f4+ Kh5 48. f5 Kg4 49. f6 Kg5 50. Ne3 Bc3 51. Nc4 Bb4 52. Nd6 Kg6 53. Nc8 Bc3 54. Ne7+ Kg5 55. Nc6 Be1 56. Nd8 Kg6 57. Kd3 Bf2 58. Kc4 Be3 59. Kc5 Bf2 60. Nc6 Be3 61. Kd6 Bc1 62. Ke7 Bb2 63. Ke8 Kf5 64. Kxf7 1-0

[Event "GER-chT Lands U20"]
[Site "Hannover"]
[Date "2023.10.01"]
[Round "2"]
[White "Lutz, Ruben"]
[Black "Von Mettenheim, Johannes"]
[Result "0-1"]
[WhiteElo "2218"]
[BlackElo "2323"]
[PlyCount "72"]
[EventDate "2023.10.01"]
[EventType "team-swiss"]
[EventRounds "7"]
[EventCountry "GER"]
[SourceTitle "EXT 2024"]
[Source "ChessBase"]
[SourceDate "2023.10.10"]
[SourceVersion "1"]
[SourceVersionDate "2023.10.10"]
[SourceQuality "1"]

1. d4 Nf6 2. Nf3 d5 3. c4 c6 4. Nc3 dxc4 5. a4 Bf5 6. e3 e6 7. Bxc4 Bb4 8. 0-0 0-0 9. Qe2 Bg6 10. Ne5 Nbd7 11. Nxg6 hxg6 12. Rd1 Qe7 13. e4 e5 14. d5 Nb6 15. Bb3 cxd5 16. exd5 Nc8 17. Bg5 Nd6 18. Nb5 a6 19. Nxd6 Qxd6 20. Rac1 Bc5 21. Rc3 Bd4 22. Rh3 Rfe8 23. Rdd3 Nd7 24. Qe4 Qb4 25. Kf1 Qd6 26. Qh4 f6 27. Bd2 Kf7 28. a5 Nc5 29. Bb4 Rac8 30. Qg4 Bxb2 31. Rdg3 f5 32. Qe2 Bd4 33. Qa2 e4 34. Qa3 Qf4 35. d6+ Kf6 36. Bc3 Qxf2# 0-1

[Event "Bautzen op 2nd"]
[Site "Bautzen"]
[Date "2023.08.09"]
[Round "3"]
[White "Lortkipanidze, Nodar"]
[Black "Lutz, Ruben"]
[Result "1-0"]
[WhiteElo "2382"]
[BlackElo "2229"]
[PlyCount "73"]
[EventDate "2023.08.08"]
[EventType "swiss"]
[EventRounds "9"]
[EventCountry "GER"]
[SourceTitle "EXT 2024"]
[Source "ChessBase"]
[SourceDate "2023.10.10"]
[SourceVersion "1"]
[SourceVersionDate "2023.10.10"]
[SourceQuality "1"]

1. e4 c6 2. Nc3 d5 3. Nf3 Nf6 4. e5 Ne4 5. Ne2 Qb6 6. d4 e6 7. Ng3 c5 8. Bd3 Nxg3 9. fxg3 Nc6 10. a3 cxd4 11. 0-0 Be7 12. Qe2 h6 13. b4 Bd7 14. g4 0-0-0 15. g5 Kb8 16. gxh6 gxh6 17. Bf4 Ka8 18. Qd2 f6 19. Rae1 fxe5 20. Nxe5 Nxe5 21. Bxe5 Bg5 22. Bf4 Rhg8 23. Bxg5 Rxg5 24. Rf6 Rdg8 25. Re2 Qd8 26. Rxh6 e5 27. h4 Rg4 28. Rxe5 Rxh4 29. Rxd5 Rxh6 30. Qxh6 Qe7 31. b5 Qe1+ 32. Bf1 Be6 33. Rxd4 Qe5 34. Qf4 Qh5 35. Qh4 Qc5 36. Qf2 Qh5 37. Ra4 1-0

[Event "Ceske Budejovice op-A"]
[Site "Ceske Budejovice"]
[Date "2023.07.03"]
[Round "3"]
[White "Lutz, Ruben"]
[Black "Priehoda, Vitezslav"]
[Result "1-0"]
[WhiteElo "2136"]
[BlackElo "2256"]
[PlyCount "93"]
[EventDate "2023.07.01"]
[EventType "swiss"]
[EventRounds "9"]
[EventCountry "CZE"]
[SourceTitle "CBM 215 Extra"]
[Source "ChessBase"]
[SourceDate "2023.09.30"]
[SourceVersion "1"]
[SourceVersionDate "2023.09.30"]
[SourceQuality "1"]

1. d4 e6 2. Nf3 f5 3. g3 Nf6 4. Bg2 d5 5. 0-0 Bd6 6. c4 c6 7. Nc3 0-0 8. Qc2 Ne4 9. Rb1 Nd7 10. b4 Ndf6 11. c5 Bc7 12. Bf4 Bxf4 13. gxf4 Bd7 14. Ne5 Be8 15. f3 Nxc3 16. Qxc3 Nh5 17. e3 Rc8 18. Qd2 Rc7 19. Kh1 Kh8 20. Rg1 h6 21. Bf1 g5 22. fxg5 hxg5 23. Bd3 Rg7 24. Rg2 Rfg8 25. Rbg1 Qe7 26. a4 a6 27. Qe2 Nf6 28. Qf2 Bh5 29. Qg3 Rh7 30. Bc2 Be8 31. Qf2 Rh5 32. Qg3 Bg6 33. Nd3 Kh7 34. Qe5 Bf7 35. Nf2 Nd7 36. Bxf5+ Bg6 37. Qxe6 Qxe6 38. Bxe6 Rg7 39. Bxd7 Rxd7 40. Rxg5 Rxg5 41. Rxg5 Re7 42. Ng4 a5 43. bxa5 Bc2 44. Nf6+ Kh6 45. Ng8+ Kxg5 46. Nxe7 Bxa4 47. Nc8 1-0

[Event "GER-ch U18"]
[Site "Willingen"]
[Date "2023.05.31"]
[Round "5"]
[White "Bornholdt, Joa Max"]
[Black "Lutz, Ruben"]
[Result "1/2-1/2"]
[WhiteElo "2250"]
[BlackElo "2211"]
[PlyCount "109"]
[EventDate "2023.05.28"]
[EventType "swiss"]
[EventRounds "9"]
[EventCountry "GER"]
[SourceTitle "CBM 214 Extra"]
[Source "ChessBase"]
[SourceDate "2023.07.31"]
[SourceVersion "1"]
[SourceVersionDate "2023.07.31"]
[SourceQuality "1"]

1. e4 e6 2. d4 d5 3. Nc3 Nf6 4. Bg5 Be7 5. e5 Nfd7 6. h4 h6 7. Bxe7 Qxe7 8. f4 0-0 9. Nf3 a6 10. Qd2 c5 11. 0-0-0 Nc6 12. g4 f6 13. exf6 Qxf6 14. Ne2 Qf7 15. Bg2 Nf6 16. g5 Ne4 17. Qe1 h5 18. Ne5 Nxe5 19. dxe5 Qg6 20. Rf1 Bd7 21. f5 exf5 22. Nf4 Qe8 23. Nxd5 Qxe5 24. Nb6 Bb5 25. c4 Bc6 26. Nxa8 Rxa8 27. Bxe4 Bxe4 28. Qe2 Qe6 29. b3 b5 30. Qh2 bxc4 31. Qd6 Qxd6 32. Rxd6 cxb3 33. axb3 Rb8 34. g6 Kf8 35. Re6 Re8 36. Rxe8+ Kxe8 37. Kd2 Ke7 38. Ra1 Bb7 39. Ra5 Kd6 40. Ke3 Kc6 41. b4 f4+ 42. Kd3 cxb4 43. Rxh5 Bc8 44. Kd4 Be6 45. Re5 Kd6 46. Ra5 Bc8 47. Ke4 b3 48. Ra3 Be6 49. Rxa6+ Kc5 50. Ra1 Kb4 51. Kxf4 b2 52. Rb1 Kc3 53. Kg5 Ba2 54. Rxb2 Kxb2 55. h5 1/2-1/2

[Event "GER-ch U18"]
[Site "Willingen"]
[Date "2023.05.28"]
[Round "1"]
[White "May, Ben Iven"]
[Black "Lutz, Ruben"]
[Result "1/2-1/2"]
[WhiteElo "1940"]
[BlackElo "2211"]
[PlyCount "206"]
[EventDate "2023.05.28"]
[EventType "swiss"]
[EventRounds "9"]
[EventCountry "GER"]
[SourceTitle "CBM 214 Extra"]
[Source "ChessBase"]
[SourceDate "2023.07.31"]
[SourceVersion "1"]
[SourceVersionDate "2023.07.31"]
[SourceQuality "1"]

1. e4 e6 2. d4 d5 3. exd5 exd5 4. Bd3 Bd6 5. Nf3 Ne7 6. 0-0 Nbc6 7. c3 Bg4 8. Re1 Qd7 9. Na3 Bxa3 10. bxa3 0-0 11. h3 Bf5 12. Rb1 b6 13. Bf4 Bxd3 14. Qxd3 Na5 15. Ne5 Qd8 16. Bh2 Ng6 17. Qf5 c6 18. Re3 Nxe5 19. Bxe5 Nc4 20. Rg3 f6 21. Bf4 Qc8 22. Qh5 Qd7 23. Bh6 Rf7 24. Re1 Nd6 25. Bf4 Qf5 26. Qxf5 Nxf5 27. Rf3 Re7 28. Rxe7 Nxe7 29. Re3 Kf7 30. a4 g5 31. Bh2 h5 32. g4 Rh8 33. Bg3 a6 34. Kg2 b5 35. axb5 axb5 36. Bd6 Ng6 37. Re2 Rd8 38. Bg3 hxg4 39. hxg4 Ne7 40. Bc7 Rd7 41. Bb6 Ng6 42. Kg3 Nf4 43. Re3 Kg6 44. f3 Rh7 45. a3 Rh3+ 46. Kf2 Rh2+ 47. Kf1 Rd2 48. Bc7 Kf7 49. Bd6 Ne6 50. Ke1 Rc2 51. Bb4 Rh2 52. Kf1 Rc2 53. Ke1 Rc1+ 54. Kd2 Rh1 55. Bd6 Rh3 56. Ke2 Nf4+ 57. Kf2 Rh2+ 58. Kf1 Rc2 59. Bb4 Ng6 60. Re2 Rc1+ 61. Re1 Rc2 62. Re2 Rc1+ 63. Re1 Rxe1+ 64. Kxe1 Ke6 65. Kf2 Nf4 66. Ke3 Kd7 67. Bf8 Ne6 68. Bb4 Nf4 69. Bf8 Ke6 70. Bc5 f5 71. Bf8 Ng6 72. Bc5 Kf6 73. Bd6 Ke6 74. Bc5 Nh8 75. Bf8 Nf7 76. Kf2 Kf6 77. Kg3 Nd8 78. Bd6 Nf7 79. Bf8 fxg4 80. Kxg4 Nd8 81. Bd6 Ne6 82. Be5+ Kg6 83. Bd6 Nd8 84. Be7 Nf7 85. Bf8 Kf6 86. f4 gxf4 87. Kxf4 Nh8 88. Bd6 Nf7 89. Bf8 Nd8 90. Bd6 Ne6+ 91. Kg4 Kg6 92. Be7 Ng7 93. Bf8 Nh5 94. Be7 Ng7 95. Bf8 Nf5 96. Kf4 Kf6 97. Bc5 Nh4 98. Kg3 Ng6 99. Kg4 Nh8 100. Kf4 Nf7 101. Bf8 Nd8 102. Bd6 Nb7 103. Bb4 Nd8 1/2-1/2

[Event "Bundesliga 2223"]
[Site "Germany"]
[Date "2022.10.22"]
[Round "1.8"]
[White "Koellner, Ruben Gideon"]
[Black "Lutz, Ruben"]
[Result "1-0"]
[WhiteElo "2403"]
[BlackElo "2098"]
[PlyCount "97"]
[EventDate "2022.10.21"]
[EventType "team-tourn"]
[EventRounds "15"]
[EventCountry "GER"]
[SourceTitle "CBM 211"]
[Source "ChessBase"]
[SourceDate "2022.12.31"]
[SourceVersion "1"]
[SourceVersionDate "2022.12.31"]
[SourceQuality "1"]
[WhiteTeam "Deizisau"]
[BlackTeam "Dresden TU"]
[WhiteTeamCountry "GER"]
[BlackTeamCountry "GER"]

1. d4 d5 2. Nf3 Nf6 3. Bf4 c5 4. e3 Nc6 5. Nbd2 cxd4 6. exd4 Qb6 7. Nb3 Bg4 8. Be2 e6 9. 0-0 Be7 10. a4 0-0 11. a5 Qd8 12. a6 b6 13. c3 Ne4 14. Ne5 Bxe2 15. Qxe2 Qc8 16. Qb5 Nxe5 17. dxe5 f6 18. Nd4 g5 19. exf6 Bxf6 20. Be3 Nd6 21. Qe2 e5 22. Nf3 g4 23. Nd2 Kh8 24. Rfd1 Qe6 25. Nf1 Rad8 26. Ra4 Rg8 27. Bc1 Ne4 28. Ng3 Nxg3 29. hxg3 h5 30. Be3 Rge8 31. Qb5 Qd7 32. Qb3 Kg7 33. Rb4 Qf7 34. Qa4 Qd7 35. Rb5 d4 36. cxd4 exd4 37. Bf4 d3 38. Qc4 Re2 39. Rb3 Qd4 40. Qxd4 Bxd4 41. Rbxd3 Bxf2+ 42. Kf1 Rde8 43. R3d2 Rxd2 44. Rxd2 Bc5 45. Rd7+ Kg6 46. Rxa7 h4 47. gxh4 Rf8 48. g3 Bd6 49. h5+ 1-0

[Event "Bremen Silvester op"]
[Site "Bremen"]
[Date "2021.12.29"]
[Round "6"]
[White "Van Osch, Mees"]
[Black "Lutz, Ruben"]
[Result "1-0"]
[WhiteElo "2364"]
[BlackElo "2120"]
[PlyCount "109"]
[EventDate "2021.12.21"]
[EventType "swiss"]
[EventRounds "7"]
[EventCountry "GER"]
[SourceTitle "CBM 205 Extra"]
[Source "ChessBase"]
[SourceDate "2022.01.31"]
[SourceVersion "1"]
[SourceVersionDate "2022.01.31"]
[SourceQuality "1"]

1. e4 c6 2. Nc3 d5 3. Nf3 dxe4 4. Nxe4 Nf6 5. Qe2 Nxe4 6. Qxe4 Qd5 7. Qf4 Qf5 8. Qe3 Qe6 9. b3 Qxe3+ 10. fxe3 f6 11. d4 Bf5 12. c4 e6 13. Bb2 Nd7 14. 0-0-0 Bd6 15. Be2 0-0 16. Nd2 e5 17. g4 Bg6 18. h4 Rfe8 19. h5 Bf7 20. Ne4 Bf8 21. Bf3 h6 22. Rhe1 a5 23. Re2 a4 24. Nc3 axb3 25. axb3 Rac8 26. Kc2 Kh8 27. d5 Nc5 28. Ba3 e4 29. Bg2 cxd5 30. cxd5 Na4 31. bxa4 Bxa3 32. Kb3 Re5 33. Rc2 Bf8 34. Rd4 Rce8 35. Kb2 Bc5 36. Rxe4 Bxe3 37. Re2 Bc5 38. Rxe5 fxe5 39. Kb3 b6 40. Be4 Kg8 41. Nb5 Kf8 42. Kc4 Ra8 43. Bc2 Rc8 44. Bf5 Ra8 45. Ra2 Rd8 46. Nc7 Ke7 47. a5 Kd6 48. Nb5+ Ke7 49. Be4 Rc8 50. a6 Ra8 51. a7 Kd7 52. Kc3 Bd6 53. Ra6 Be8 54. Rxb6 Bc5 55. Rb7+ 1-0

[Event "Bremen Silvester op"]
[Site "Bremen"]
[Date "2021.12.28"]
[Round "4"]
[White "Weidenhoefer, Max"]
[Black "Lutz, Ruben"]
[Result "0-1"]
[WhiteElo "1860"]
[BlackElo "2120"]
[PlyCount "94"]
[EventDate "2021.12.21"]
[EventType "swiss"]
[EventRounds "7"]
[EventCountry "GER"]
[SourceTitle "CBM 205 Extra"]
[Source "ChessBase"]
[SourceDate "2022.01.31"]
[SourceVersion "1"]
[SourceVersionDate "2022.01.31"]
[SourceQuality "1"]

1. e4 e6 2. d3 d5 3. Nd2 Nf6 4. Ngf3 c5 5. g3 Nc6 6. Bg2 Be7 7. 0-0 b6 8. Re1 Bb7 9. e5 Nd7 10. Nf1 Qc7 11. Qe2 h6 12. h4 0-0-0 13. c3 Rdg8 14. Bd2 g5 15. hxg5 hxg5 16. g4 Nf8 17. Rac1 Ng6 18. d4 Nh4 19. Nxh4 Rxh4 20. dxc5 bxc5 21. b4 Kb8 22. a4 Ka8 23. a5 Nb8 24. Ra1 d4 25. f3 dxc3 26. Bxc3 cxb4 27. Bd4 Bc5 28. Qe3 Rc8 29. Ra4 Qc6 30. Rea1 Na6 31. Bxc5 Qxc5 32. Qxc5 Rxc5 33. Rd1 Rh8 34. Ra2 Bd5 35. Raa1 Rc3 36. Kf2 Nc5 37. Ne3 Nd3+ 38. Kg3 Nf4 39. Nxd5 exd5 40. Rd2 b3 41. a6 Rc2 42. Rad1 Rhc8 43. Bf1 b2 44. Rxc2 Rxc2 45. Rb1 d4 46. e6 fxe6 47. Be2 Nxe2+ 0-1

[Event "GER-chT Lands U20"]
[Site "Neumuenster"]
[Date "2021.10.05"]
[Round "6.2"]
[White "Colbow, Collin"]
[Black "Lutz, Ruben"]
[Result "1/2-1/2"]
[WhiteElo "2329"]
[BlackElo "2114"]
[PlyCount "169"]
[EventDate "2021.10.01"]
[EventType "team-swiss"]
[EventRounds "7"]
[EventCountry "GER"]
[SourceTitle "CBM 204 Extra"]
[Source "ChessBase"]
[SourceDate "2021.11.30"]
[SourceVersion "1"]
[SourceVersionDate "2021.11.30"]
[SourceQuality "1"]
[WhiteTeam "Bremen/Niedersachsen"]
[BlackTeam "Sachsen"]
[WhiteTeamCountry "GER"]
[BlackTeamCountry "GER"]

1. e4 e6 2. d4 d5 3. e5 c5 4. c3 Nc6 5. Nf3 Qb6 6. a3 c4 7. Nbd2 Na5 8. Be2 Bd7 9. 0-0 0-0-0 10. Rb1 Kb8 11. b4 cxb3 12. c4 Ba4 13. c5 Qc7 14. Ne1 Ne7 15. Nd3 Nf5 16. Nf3 Be7 17. Qe1 Bb5 18. Bd2 Nc6 19. Bc3 Bc4 20. Nc1 g5 21. Qd2 g4 22. Ne1 Rhg8 23. Nxb3 Bg5 24. Qd1 h5 25. Nc2 Ka8 26. Nb4 Rd7 27. Re1 Rgd8 28. Nxc6 Qxc6 29. Na5 Qa6 30. c6 bxc6 31. Qa4 Ne7 32. Rb2 Bxe2 33. Rexe2 c5 34. Re1 cxd4 35. Reb1 Rc7 36. Bxd4 Rdc8 37. h4 gxh3 38. Qb4 Rc1+ 39. Kh2 Rxb1 40. Rxb1 hxg2 41. Kxg2 Nc6 42. Nxc6 Qxc6 43. Qa5 Qd7 44. Qa6 Rc6 45. Qe2 Rc4 46. Qxh5 Rxd4 47. Qxg5 Rc4 48. Qg3 Rc8 49. Rb4 Qc6 50. Rf4 d4+ 51. Qf3 Rg8+ 52. Kf1 Qxf3 53. Rxf3 Rg5 54. Ke2 Rxe5+ 55. Kd3 f5 56. Kxd4 Rd5+ 57. Kc4 Kb7 58. Re3 Rd6 59. Re5 Ra6 60. Kb5 Rxa3 61. Rxe6 a6+ 62. Kc4 Rf3 63. Re2 Kc7 64. Ra2 Kb6 65. Rb2+ Kc6 66. Kb4 Rf4+ 67. Ka5 Kd5 68. Kxa6 Rc4 69. Kb5 Rc8 70. Re2 Rb8+ 71. Ka5 f4 72. Ka4 Rb1 73. Ka3 Rf1 74. Kb3 f3 75. Rd2+ Ke4 76. Kc3 Rc1+ 77. Rc2 Rf1 78. Rd2 Re1 79. Rd4+ Ke5 80. Rd3 Kf4 81. Rd4+ Kg5 82. Kd3 Re2 83. Re4 Rxf2 84. Ke3 Rf1 85. Ra4 1/2-1/2

[Event "GER-chT Lands U20"]
[Site "Neumuenster"]
[Date "2021.10.04"]
[Round "4.2"]
[White "Lutz, Ruben"]
[Black "Knuedel, Torben"]
[Result "1/2-1/2"]
[WhiteElo "2114"]
[BlackElo "2191"]
[PlyCount "63"]
[EventDate "2021.10.01"]
[EventType "team-swiss"]
[EventRounds "7"]
[EventCountry "GER"]
[SourceTitle "CBM 204 Extra"]
[Source "ChessBase"]
[SourceDate "2021.11.30"]
[SourceVersion "1"]
[SourceVersionDate "2021.11.30"]
[SourceQuality "1"]
[WhiteTeam "Sachsen"]
[BlackTeam "Niedersachsen"]
[WhiteTeamCountry "GER"]
[BlackTeamCountry "GER"]

1. d4 e6 2. Nf3 c5 3. c3 Nc6 4. e3 Nf6 5. Bd3 d5 6. 0-0 Bd6 7. Nbd2 Qc7 8. Qe2 cxd4 9. exd4 Bd7 10. Re1 0-0-0 11. Ne5 Ne4 12. Nxe4 dxe4 13. Bxe4 Nxe5 14. dxe5 Bxe5 15. Bxb7+ Qxb7 16. Qxe5 Bc6 17. Qg3 h5 18. h4 f6 19. b4 g5 20. hxg5 fxg5 21. Bxg5 h4 22. Qh3 Rd5 23. Bf4 Bd7 24. Re5 Rxe5 25. Bxe5 Rg8 26. Re1 Qd5 27. c4 Qxc4 28. Qc3 Qxc3 29. Bxc3 Bc6 30. Rxe6 Bxg2 31. Rh6 h3 32. Rh8 1/2-1/2

[Event "GER-ch U16"]
[Site "Willingen"]
[Date "2021.08.27"]
[Round "7"]
[White "Lutz, Ruben"]
[Black "Eilenberg, Jonas"]
[Result "1/2-1/2"]
[WhiteElo "2108"]
[BlackElo "2087"]
[PlyCount "52"]
[EventDate "2021.08.22"]
[EventType "swiss"]
[EventRounds "9"]
[EventCountry "GER"]
[SourceTitle "EXT 2022"]
[Source "ChessBase"]
[SourceDate "2021.10.06"]
[SourceVersion "1"]
[SourceVersionDate "2021.10.06"]
[SourceQuality "1"]

1. d4 Nf6 2. Nf3 e6 3. Bg5 d5 4. e3 Be7 5. Nbd2 0-0 6. Bd3 Nbd7 7. 0-0 c5 8. c3 b6 9. a4 Bb7 10. Qb1 h6 11. Bh4 Qc7 12. b4 Bc6 13. a5 Rab8 14. Bg3 Bd6 15. axb6 axb6 16. b5 Bb7 17. Qc2 Rfc8 18. Rfc1 Bxg3 19. hxg3 Ra8 20. Rxa8 Bxa8 21. c4 cxd4 22. Nxd4 Qb8 23. Qb1 Ne5 24. Bf1 dxc4 25. Nxc4 Nxc4 26. Rxc4 Rxc4 1/2-1/2

[Event "GER-ch U16"]
[Site "Willingen"]
[Date "2021.08.26"]
[Round "6"]
[White "Albert, Markus1111"]
[Black "Lutz, Ruben"]
[Result "0-1"]
[WhiteElo "1951"]
[BlackElo "2108"]
[PlyCount "120"]
[EventDate "2021.08.22"]
[EventType "swiss"]
[EventRounds "9"]
[EventCountry "GER"]
[SourceTitle "EXT 2022"]
[Source "ChessBase"]
[SourceDate "2021.10.06"]
[SourceVersion "1"]
[SourceVersionDate "2021.10.06"]
[SourceQuality "1"]

1. e4 c6 2. d4 d5 3. e5 c5 4. dxc5 e6 5. a3 Bxc5 6. Nf3 Nc6 7. Bd3 Nge7 8. b4 Bb6 9. Bb2 Ng6 10. 0-0 Nf4 11. c4 0-0 12. Nc3 f6 13. exf6 Qxf6 14. c5 Bd8 15. Rb1 Qh6 16. Nb5 e5 17. Ne1 e4 18. Be2 a6 19. Nd6 Bc7 20. Bc1 Bxd6 21. cxd6 Qxd6 22. Bxf4 Rxf4 23. f3 Qe5 24. Nc2 Be6 25. Qd2 Rd8 26. Rbe1 Rf6 27. a4 Rh6 28. f4 Qd6 29. b5 axb5 30. axb5 Ne7 31. Nd4 Nf5 32. Nxe6 Rxe6 33. Bg4 g6 34. Kh1 d4 35. Rg1 Qd5 36. Rc1 Re7 37. Rge1 Qxb5 38. Bd1 e3 39. Qa2+ Kg7 40. g4 Nh6 41. Bf3 Qd7 42. Rg1 d3 43. f5 Ng8 44. Rc5 Qd4 45. Rc4 Qf6 46. Rc5 e2 47. g5 Qd4 48. Rc4 Qxg1+ 49. Kxg1 e1Q+ 50. Kg2 gxf5 51. h4 Re2+ 52. Bxe2 Qxe2+ 53. Qxe2 dxe2 54. Kf2 Re8 55. Ke1 Re4 56. Rc7+ Ne7 57. h5 b5 58. Rb7 b4 59. Rb6 f4 60. h6+ Kf7 0-1

[Event "Lugano op"]
[Site "Lugano"]
[Date "2021.08.01"]
[Round "5"]
[White "Lutz, Ruben"]
[Black "Pogan, Nikolas"]
[Result "0-1"]
[WhiteElo "2108"]
[BlackElo "2240"]
[PlyCount "122"]
[EventDate "2021.07.30"]
[EventType "swiss"]
[EventRounds "5"]
[EventCountry "SUI"]
[SourceTitle "EXT 2022"]
[Source "ChessBase"]
[SourceDate "2021.10.06"]
[SourceVersion "1"]
[SourceVersionDate "2021.10.06"]
[SourceQuality "1"]

1. d4 Nf6 2. Bf4 g6 3. Nc3 Bg7 4. e4 d6 5. Qd2 c6 6. Bh6 Bxh6 7. Qxh6 e5 8. dxe5 dxe5 9. Nf3 Qe7 10. Bc4 b5 11. Bb3 Be6 12. 0-0 Nbd7 13. Ng5 Bxb3 14. axb3 Qf8 15. Qxf8+ Kxf8 16. Ra6 Nb8 17. Ra5 Ke7 18. f4 Nfd7 19. f5 h6 20. Nf3 g5 21. Ne2 f6 22. b4 a6 23. Nd2 Ra7 24. Nb3 Rc8 25. Nc3 Rb7 26. Kf2 Ra7 27. Ke2 Rd8 28. Rd1 h5 29. Rd3 Rc7 30. Ra1 Rcc8 31. Rad1 Nb6 32. Nc5 Rxd3 33. cxd3 N8d7 34. Nxd7 Nxd7 35. Ra1 Ra8 36. Ke3 Kd6 37. Ne2 Kc7 38. h3 Kb6 39. d4 a5 40. d5 c5 41. bxc5+ Nxc5 42. Rd1 b4 43. Ng3 Rh8 44. Ne2 a4 45. Nc1 Kb5 46. Nd3 Nb3 47. Nc1 Nd4 48. Ne2 Nxe2 49. Kxe2 Kc4 50. d6 Kb3 51. d7 Rd8 52. Rd2 Ka2 53. Kd1 Kb1 54. Ke2 Kc1 55. Ke1 b3 56. Ke2 h4 57. Ke1 a3 58. bxa3 b2 59. Rd1+ Kc2 60. Rd2+ Kc3 61. Rd1 Rxd7 0-1

[Event "Lugano op"]
[Site "Lugano"]
[Date "2021.08.01"]
[Round "4"]
[White "Reinhardt, Bernd"]
[Black "Lutz, Ruben"]
[Result "1/2-1/2"]
[WhiteElo "2180"]
[BlackElo "2108"]
[PlyCount "71"]
[EventDate "2021.07.30"]
[EventType "swiss"]
[EventRounds "5"]
[EventCountry "SUI"]
[SourceTitle "EXT 2022"]
[Source "ChessBase"]
[SourceDate "2021.10.06"]
[SourceVersion "1"]
[SourceVersionDate "2021.10.06"]
[SourceQuality "1"]

1. Nf3 d5 2. b3 Nf6 3. Bb2 Bg4 4. e3 Nbd7 5. Be2 e6 6. c4 Bd6 7. 0-0 0-0 8. h3 Bh5 9. d3 a5 10. Nc3 c6 11. Nh4 Bxe2 12. Qxe2 Re8 13. Nf3 e5 14. cxd5 Nxd5 15. Nxd5 cxd5 16. Rfc1 a4 17. bxa4 Rxa4 18. Qc2 Qa8 19. Qb3 Nf6 20. a3 h6 21. d4 e4 22. Ne5 Qa6 23. Rc2 Ra8 24. Rb1 Ra5 25. Rbc1 Rb5 26. Rc8+ Rxc8 27. Rxc8+ Kh7 28. Qc3 Qb6 29. Bc1 Bxe5 30. dxe5 Nd7 31. f4 Rc5 32. Rxc5 Nxc5 33. Kh2 Nd3 34. Bd2 Qb2 35. Qc8 Qxd2 36. Qf5+ 1/2-1/2

[Event "GER-chT U20"]
[Site "Braunschweig"]
[Date "2019.12.27"]
[Round "2.6"]
[White "Lutz, Ruben"]
[Black "Kololli, Martin"]
[Result "0-1"]
[WhiteElo "2132"]
[BlackElo "2343"]
[PlyCount "69"]
[EventDate "2019.12.27"]
[EventType "team-swiss"]
[EventRounds "7"]
[EventCountry "GER"]
[SourceTitle "CBM 194 Extra"]
[Source "ChessBase"]
[SourceDate "2020.03.31"]
[SourceVersion "1"]
[SourceVersionDate "2020.03.31"]
[SourceQuality "1"]
[WhiteTeam "Dresden TU"]
[BlackTeam "Luebeck"]
[WhiteTeamCountry "GER"]
[BlackTeamCountry "GER"]

1. d4 Nf6 2. Bf4 e6 3. e3 b6 4. Nf3 Bb7 5. Nbd2 Be7 6. Bd3 Nh5 7. Bg3 d6 8. Qe2 a6 9. a4 Nd7 10. 0-0 0-0 11. e4 e5 12. dxe5 Nxg3 13. hxg3 dxe5 14. Nc4 Bf6 15. Rfd1 g6 16. c3 Qe7 17. Bc2 Bg7 18. g4 Rad8 19. g5 Nc5 20. b4 Ne6 21. Qe3 Rxd1+ 22. Rxd1 Bc8 23. g3 Nd8 24. Nh2 Qe6 25. Bb3 Qe7 26. a5 b5 27. Nd2 Re8 28. Ndf1 Be6 29. Bxe6 Nxe6 30. Nf3 c5 31. bxc5 Nxc5 32. Rd5 Rc8 33. N1d2 Na4 34. Nb1 Qc7 35. Rd3 0-1

[Event "GER-chT Lands U20"]
[Site "Wuerzburg"]
[Date "2019.10.04"]
[Round "4.1"]
[White "Lutz, Ruben"]
[Black "Post, Hugo"]
[Result "1/2-1/2"]
[WhiteElo "2112"]
[BlackElo "2204"]
[PlyCount "90"]
[EventDate "2019.10.01"]
[EventType "team-swiss"]
[EventRounds "7"]
[EventCountry "GER"]
[SourceTitle "EXT 2020"]
[Source "ChessBase"]
[SourceDate "2019.10.17"]
[SourceVersion "1"]
[SourceVersionDate "2019.10.17"]
[SourceQuality "1"]
[WhiteTeam "Sachsen"]
[BlackTeam "Sachsen Anhalt"]
[WhiteTeamCountry "GER"]
[BlackTeamCountry "GER"]

1. d4 Nf6 2. Bf4 e6 3. e3 c5 4. c3 d5 5. Nd2 Bd6 6. Bg3 0-0 7. Ngf3 Qc7 8. Bd3 Nbd7 9. 0-0 b6 10. Bxd6 Qxd6 11. e4 e5 12. dxe5 Nxe5 13. Nxe5 Qxe5 14. f4 Qe7 15. e5 Ng4 16. Qe2 c4 17. Bb1 f6 18. h3 Nh6 19. Nf3 Nf7 20. Bc2 Bd7 21. Rad1 Qc5+ 22. Kh2 Rae8 23. Rfe1 Bc8 24. Qd2 fxe5 25. fxe5 Qc7 26. Qd4 Be6 27. Qh4 g6 28. Kh1 Qd8 29. Qg3 Kg7 30. Nd4 Qg5 31. Qxg5 Nxg5 32. h4 Nf7 33. Ba4 Re7 34. Nxe6+ Rxe6 35. Rxd5 Rd8 36. Bd7 Rxe5 37. Rdxe5 Nxe5 38. Rxe5 Rxd7 39. Re4 Rd2 40. Rxc4 Rxb2 41. Rc7+ Kh6 42. Rxa7 Rc2 43. Rb7 Rxc3 44. Rxb6 Ra3 45. Rb5 Rxa2 1/2-1/2

[Event "GER-chT Lands U20"]
[Site "Wuerzburg"]
[Date "2019.10.02"]
[Round "2.1"]
[White "Lutz, Ruben"]
[Black "Ermitsch, Magnus"]
[Result "1-0"]
[WhiteElo "2112"]
[BlackElo "1671"]
[PlyCount "61"]
[EventDate "2019.10.01"]
[EventType "team-swiss"]
[EventRounds "7"]
[EventCountry "GER"]
[SourceTitle "EXT 2020"]
[Source "ChessBase"]
[SourceDate "2019.10.17"]
[SourceVersion "1"]
[SourceVersionDate "2019.10.17"]
[SourceQuality "1"]
[WhiteTeam "Sachsen"]
[BlackTeam "Berlin"]
[WhiteTeamCountry "GER"]
[BlackTeamCountry "GER"]

1. d4 Nf6 2. Nf3 e6 3. Bf4 d5 4. e3 c5 5. c3 Nc6 6. Nbd2 Bd6 7. Bg3 0-0 8. Bd3 Re8 9. Ne5 Qc7 10. f4 Ne7 11. 0-0 Nf5 12. Bf2 c4 13. Bc2 Qe7 14. g4 a5 15. gxf5 exf5 16. Ba4 Rf8 17. Bh4 Qe6 18. Qe2 Ng4 19. Nxg4 fxg4 20. f5 Qh6 21. Bg3 Bxg3 22. hxg3 b5 23. Bc2 Re8 24. Rae1 b4 25. e4 bxc3 26. bxc3 Rb8 27. Rb1 Rxb1 28. Bxb1 dxe4 29. Nxe4 Bb7 30. Rf4 Bxe4 31. Bxe4 1-0